Easiest Quiz #1 - Statistics

General Stats
  • This quiz has been taken 52 times
  • The average score is 9 of 15
Answer Stats
Hint Answer % Correct
An animal beginnings with D that is in the top 3 most common pets Dog
100%
What country is Luxembourg City the capital of Luxembourg
72%
What is a yellow fruit with skin that monkeys like to eat Banana
69%
Danish company that invented colourful bricks to play with Lego
69%
Who lead Nazi Germany for most of WW2 Adolf Hitler
67%
What website is the quiz on JetPunk
67%
What is the other primary colour blue, red Yellow
67%
What is the 2nd letter of the Alphabet B
61%
Who is the Queen of the UK and the Commonwealth Elizabeth II
58%
How many questions are in this quiz including this one 15
56%
What comes before these consoles Wii,Switch,64 Nintendo
50%
What do you call it when you hit the centre of a dart board Bullseye
44%
What is the most common religion in the world Christianity
42%
What is the opposite of Conservative Liberal
39%
Who is the most subscribed to individual on YouTube Pewdiepie
33%
No matching quizzes found
Score Distribution
Percent of People with Each Score
Percentile by Number Answered
Your Score History
You have not taken this quiz